[Event "IND-ch U20 Girls 50th"]
[Site "Gurugram"]
[Date "2022.03.09"]
[Round "2"]
[White "Swara, Lakshmi S Nair"]
[Black "Srimathi, R."]
[Result "1/2-1/2"]
[WhiteElo "1383"]
[BlackElo "1944"]
[PlyCount "78"]
[EventDate "2022.03.09"]
[EventType "swiss"]
[EventRounds "9"]
[EventCountry "IND"]
[SourceTitle "EXT 2023"]
[Source "ChessBase"]
[SourceDate "2022.10.05"]
[SourceVersion "1"]
[SourceVersionDate "2022.10.05"]
[SourceQuality "1"]

1. e4 c5 2. Nf3 Nc6 3. d4 cxd4 4. Nxd4 g6 5. Nc3 Bg7 6. Be3 Nf6 7. Bc4 0-0 8. Bb3 a5 9. 0-0 d6 10. f3 Bd7 11. a3 Nxd4 12. Bxd4 Bc6 13. Nd5 e6 14. Nxf6+ Bxf6 15. c4 b5 16. Rc1 bxc4 17. Bxc4 d5 18. exd5 Bxd5 19. Bxd5 exd5 20. Rc6 Be7 21. Qd2 Qd7 22. Rfc1 Rfe8 23. Qf4 Rac8 24. Rxc8 Rxc8 25. Rxc8+ Qxc8 26. Qe5 Qc1+ 27. Kf2 Qd2+ 28. Kg3 Bd6 29. Qxd6 Qxd4 30. b4 axb4 31. axb4 Qc3 32. b5 d4 33. b6 Qb2 34. Qc7 Qd2 35. b7 Qg5+ 36. Kf2 Qd2+ 37. Kg3 Qg5+ 38. Kf2 Qd2+ 39. Kg3 Qg5+ 1/2-1/2

[Event "Wch U20 Girls 37th"]
[Site "New Delhi"]
[Date "2019.10.23"]
[Round "9"]
[White "Katkov, Michelle"]
[Black "Srimathi, R."]
[Result "1-0"]
[WhiteElo "2106"]
[BlackElo "1914"]
[PlyCount "81"]
[EventDate "2019.10.15"]
[EventType "swiss"]
[EventRounds "11"]
[EventCountry "IND"]
[SourceTitle "CBM 192 Extra"]
[Source "Chessbase"]
[SourceDate "2019.11.06"]
[SourceVersion "1"]
[SourceVersionDate "2019.11.06"]
[SourceQuality "1"]

1. e4 c5 2. Nc3 Nc6 3. Bb5 e6 4. Bxc6 bxc6 5. f4 d5 6. Nf3 Ba6 7. d3 Nf6 8. e5 Nd7 9. 0-0 g6 10. b3 Bg7 11. Qe1 0-0 12. Ba3 Re8 13. Na4 Bf8 14. c4 Rc8 15. Rc1 Be7 16. Rf2 Bf8 17. Rfc2 f5 18. exf6 Qxf6 19. Qa5 Nb8 20. Bxc5 Qd8 21. Qxd8 Rcxd8 22. Bxa7 dxc4 23. dxc4 Bd6 24. Ne5 Bxe5 25. fxe5 Nd7 26. Nc5 Nxc5 27. Bxc5 Rd7 28. Rf2 Red8 29. Rcf1 Rd1 30. Rf8+ Kg7 31. R8f7+ Kg8 32. Ra7 Bc8 33. Rc7 R1d2 34. Rff7 Rd1+ 35. Kf2 R1d2+ 36. Ke3 R2d3+ 37. Ke4 Bd7 38. Re7 Rd1 39. Bd6 Re1+ 40. Kd3 Rd1+ 41. Ke4 1-0

[Event "Wch U20 Girls 37th"]
[Site "New Delhi"]
[Date "2019.10.21"]
[Round "7"]
[White "Lohani, Sujana"]
[Black "Srimathi, R."]
[Result "0-1"]
[WhiteElo "1671"]
[BlackElo "1914"]
[PlyCount "52"]
[EventDate "2019.10.15"]
[EventType "swiss"]
[EventRounds "11"]
[EventCountry "IND"]
[SourceTitle "CBM 192 Extra"]
[Source "Chessbase"]
[SourceDate "2019.11.06"]
[SourceVersion "1"]
[SourceVersionDate "2019.11.06"]
[SourceQuality "1"]

1. d4 Nf6 2. Nf3 e6 3. c4 d5 4. g3 Bb4+ 5. Bd2 Bd6 6. Bg2 c6 7. 0-0 0-0 8. Qc2 Nbd7 9. Re1 Ne4 10. Be3 f5 11. Nc3 Qe7 12. Nxe4 fxe4 13. Nd2 e5 14. f3 exd4 15. Bxd4 c5 16. Be3 d4 17. Bf4 Bxf4 18. gxf4 e3 19. Ne4 Rxf4 20. Kh1 Ne5 21. Ng3 Rh4 22. Nf1 Ng6 23. b4 Nf4 24. Qe4 Be6 25. Qb1 Qg5 26. Ng3 Qxg3 0-1

[Event "Wch U20 Girls 37th"]
[Site "New Delhi"]
[Date "2019.10.19"]
[Round "6"]
[White "Srimathi, R."]
[Black "Bauyrzhan, Arnash"]
[Result "0-1"]
[WhiteElo "1914"]
[BlackElo "2075"]
[PlyCount "108"]
[EventDate "2019.10.15"]
[EventType "swiss"]
[EventRounds "11"]
[EventCountry "IND"]
[SourceTitle "CBM 192 Extra"]
[Source "Chessbase"]
[SourceDate "2019.11.06"]
[SourceVersion "1"]
[SourceVersionDate "2019.11.06"]
[SourceQuality "1"]

1. e4 c5 2. Nf3 e6 3. d4 cxd4 4. Nxd4 a6 5. Bd3 Nf6 6. 0-0 Qc7 7. c4 Nc6 8. Nxc6 bxc6 9. Be3 d6 10. Nc3 Be7 11. f4 0-0 12. Qe2 Rb8 13. Kh1 Qa5 14. a3 e5 15. b4 Qc7 16. f5 Bb7 17. Rac1 Qd8 18. Rcd1 a5 19. Bg1 axb4 20. axb4 Ra8 21. b5 Ra3 22. bxc6 Bxc6 23. Nd5 Bxd5 24. exd5 Qa5 25. Bb1 Nd7 26. Rf3 Rxf3 27. Qxf3 Rb8 28. Qe2 Qa3 29. Qa2 Qxa2 30. Bxa2 Bd8 31. Rb1 Rxb1 32. Bxb1 Bb6 33. g4 f6 34. Bc2 Bxg1 35. Kxg1 Kf8 36. Kf2 Ke7 37. Ke3 Kd8 38. h3 Kc7 39. Kd2 Kb6 40. Kc3 Kc5 41. Be4 Nb6 42. Bd3 e4 43. Bf1 Nd7 44. Be2 Ne5 45. h4 Nf3 46. h5 Nd4 47. Bf1 e3 48. Kd3 e2 49. Bxe2 Nxe2 50. Kxe2 Kxc4 51. Ke3 Kxd5 52. Kd3 Ke5 53. Ke3 h6 54. Kd3 Kf4 0-1

[Event "Wch U18 Girls"]
[Site "Mumbai"]
[Date "2019.10.02"]
[Round "1"]
[White "Muetsch, Annmarie"]
[Black "Srimathi, R."]
[Result "1-0"]
[WhiteElo "2266"]
[BlackElo "1914"]
[PlyCount "61"]
[EventDate "2019.10.02"]
[EventType "swiss"]
[EventRounds "11"]
[EventCountry "IND"]
[SourceTitle "EXT 2020"]
[Source "ChessBase"]
[SourceDate "2019.10.17"]
[SourceVersion "1"]
[SourceVersionDate "2019.10.17"]
[SourceQuality "1"]

1. e4 c5 2. Nc3 Nc6 3. Bb5 g6 4. Bxc6 dxc6 5. d3 Bg7 6. Be3 b6 7. Qd2 Ba6 8. f4 Nf6 9. h3 Qc7 10. Nf3 h5 11. a4 Nd7 12. e5 f6 13. exf6 exf6 14. 0-0 0-0-0 15. a5 Nb8 16. axb6 axb6 17. Na4 Bb5 18. b4 f5 19. Nxb6+ Qxb6 20. Bxc5 Rxd3 21. cxd3 Qd8 22. Ra7 Bf6 23. Qa2 Qe8 24. Re1 Qg8 25. Qa5 Bd8 26. Bb6 Qd5 27. Bxd8 Qxd8 28. Ree7 Qxa5 29. bxa5 c5 30. Rec7+ Kd8 31. Rcb7 1-0

[Event "Mumbai Wealth op 3rd"]
[Site "Mumbai"]
[Date "2018.01.06"]
[Round "8"]
[White "Srimathi, R."]
[Black "Masango, Spencer"]
[Result "0-1"]
[WhiteElo "1622"]
[BlackElo "2253"]
[PlyCount "118"]
[EventDate "2017.12.30"]
[EventType "swiss"]
[EventRounds "9"]
[EventCountry "IND"]
[SourceTitle "CBM 182 Extra"]
[Source "ChessBase"]
[SourceDate "2018.02.23"]
[SourceVersion "1"]
[SourceVersionDate "2018.02.23"]
[SourceQuality "1"]

1. e4 e5 2. Nf3 Nc6 3. d4 exd4 4. Bc4 Bc5 5. c3 Nf6 6. cxd4 Bb4+ 7. Bd2 Nxe4 8. Bxb4 Nxb4 9. Bxf7+ Kxf7 10. Qb3+ Kf8 11. Qxb4+ Qe7 12. Qxe7+ Kxe7 13. 0-0 Re8 14. Re1 Kf8 15. Nbd2 Nxd2 16. Nxd2 d6 17. Rac1 Rxe1+ 18. Rxe1 c5 19. Ne4 cxd4 20. Nxd6 Bd7 21. Rd1 Be6 22. b3 Rd8 23. Nxb7 Rd5 24. b4 Rb5 25. Na5 Rxb4 26. f3 Ra4 27. Nc6 Bxa2 28. Nxd4 a5 29. Kf2 Bc4 30. Rc1 Ra2+ 31. Rc2 Rxc2+ 32. Nxc2 Bd3 33. Na3 Ke7 34. Ke3 Bf1 35. Kf2 Ba6 36. Ke3 Ke6 37. Ke4 a4 38. g3 Bb7+ 39. Ke3 Kd5 40. Kd3 Kc5 41. Kc3 Bxf3 42. h3 Be4 43. Nc4 Bf5 44. g4 Be6 45. Ne3 a3 46. Nc2 a2 47. Na1 g5 48. Nc2 Kd6 49. Kd4 Bb3 50. Na1 Bd1 51. Ke4 Kc5 52. Kd3 Kd5 53. Kd2 Ba4 54. Kd3 Ke5 55. Ke3 h6 56. Ke2 Ke4 57. Kf2 Kd3 58. Kg3 Kc3 59. h4 Kb2 0-1

[Event "Mumbai Wealth op 3rd"]
[Site "Mumbai"]
[Date "2018.01.03"]
[Round "5"]
[White "Jubin, Jimmy"]
[Black "Srimathi, R."]
[Result "1-0"]
[WhiteElo "1936"]
[BlackElo "1622"]
[PlyCount "109"]
[EventDate "2017.12.30"]
[EventType "swiss"]
[EventRounds "9"]
[EventCountry "IND"]
[SourceTitle "CBM 182 Extra"]
[Source "ChessBase"]
[SourceDate "2018.02.23"]
[SourceVersion "1"]
[SourceVersionDate "2018.02.23"]
[SourceQuality "1"]

1. d4 Nf6 2. c4 e6 3. Nf3 b6 4. g3 Bb7 5. Bg2 Be7 6. 0-0 0-0 7. Nc3 Ne4 8. Nxe4 Bxe4 9. Bf4 d6 10. Rc1 Nd7 11. Qd2 Bb7 12. Rfd1 Qe8 13. b4 e5 14. dxe5 Nxe5 15. Nxe5 dxe5 16. Bxb7 Rd8 17. Bd5 exf4 18. b5 fxg3 19. hxg3 Bf6 20. Kg2 Qe5 21. f4 Qf5 22. e4 Qg6 23. e5 Be7 24. Qe2 h6 25. Rh1 Bb4 26. Qf3 Bd2 27. Rcd1 Bb4 28. f5 Qh7 29. g4 g6 30. g5 h5 31. f6 Bc5 32. Rde1 Bb4 33. Re2 Rfe8 34. Rf1 Rf8 35. Re4 Bc5 36. Kh3 Kh8 37. Rd1 Qg8 38. Kg2 Qh7 39. Rd3 Bb4 40. Rd1 Bc5 41. Rd3 Bb4 42. Rh4 Kg8 43. Qf4 Kh8 44. Rh1 Kg8 45. Qg3 Kh8 46. Qf4 Kg8 47. Rdh3 Ba5 48. a3 Rfe8 49. Rf1 Rf8 50. Rf2 Be1 51. Re2 Ba5 52. e6 Rd6 53. exf7+ Kh8 54. Qxd6 cxd6 55. Re8 1-0

[Event "Mumbai Wealth op 3rd"]
[Site "Mumbai"]
[Date "2018.01.02"]
[Round "4"]
[White "Srimathi, R."]
[Black "Dhar Barua, Saheli"]
[Result "1-0"]
[WhiteElo "1622"]
[BlackElo "2080"]
[PlyCount "71"]
[EventDate "2017.12.30"]
[EventType "swiss"]
[EventRounds "9"]
[EventCountry "IND"]
[SourceTitle "CBM 182 Extra"]
[Source "ChessBase"]
[SourceDate "2018.02.23"]
[SourceVersion "1"]
[SourceVersionDate "2018.02.23"]
[SourceQuality "1"]

1. e4 e6 2. d4 d5 3. Nd2 Nf6 4. e5 Nfd7 5. Ngf3 c5 6. c3 Nc6 7. Bd3 cxd4 8. cxd4 f6 9. exf6 Nxf6 10. 0-0 Bd6 11. Nb3 0-0 12. Bg5 Qc7 13. Bh4 Nh5 14. Bg3 Nf4 15. Bc2 g6 16. Nc1 Qg7 17. Bxf4 Rxf4 18. Ne2 Rxf3 19. gxf3 Qh6 20. Ng3 Qh4 21. Re1 Nxd4 22. Be4 Bc5 23. Rc1 Bb6 24. Bxd5 Kg7 25. Be4 e5 26. Qd3 Bh3 27. Bxb7 Rd8 28. Qe4 Qxe4 29. Bxe4 Ne6 30. Red1 Rf8 31. Rc3 Bd4 32. Rcd3 Rc8 33. b3 Kf6 34. R3d2 Kg5 35. Bd3 Rc3 36. Ne4+ 1-0

[Event "Mumbai Wealth op 3rd"]
[Site "Mumbai"]
[Date "2017.12.31"]
[Round "2"]
[White "Srimathi, R."]
[Black "Aditya, Guhagarkar"]
[Result "1/2-1/2"]
[WhiteElo "1622"]
[BlackElo "1791"]
[PlyCount "90"]
[EventDate "2017.12.30"]
[EventType "swiss"]
[EventRounds "9"]
[EventCountry "IND"]
[SourceTitle "CBM 182 Extra"]
[Source "ChessBase"]
[SourceDate "2018.02.23"]
[SourceVersion "1"]
[SourceVersionDate "2018.02.23"]
[SourceQuality "1"]

1. e4 c5 2. Nf3 d6 3. d4 cxd4 4. Nxd4 Nf6 5. Nc3 Nc6 6. Bc4 Qb6 7. Nxc6 bxc6 8. 0-0 g6 9. b3 Bg7 10. Qe1 0-0 11. Be3 Qc7 12. Rd1 Bb7 13. Bf4 e5 14. Bc1 Rad8 15. Ba3 Rd7 16. Na4 Rfd8 17. Bb4 Re8 18. Ba5 Qc8 19. f3 Bf8 20. Qh4 Be7 21. Qf2 Ba6 22. Qe2 Bxc4 23. Qxc4 d5 24. exd5 cxd5 25. Qxc8 Rxc8 26. Rf2 Rb7 27. Bc3 d4 28. Bb2 Rbc7 29. c3 dxc3 30. Bxc3 Rxc3 31. Nxc3 Rxc3 32. Re2 Bc5+ 33. Kf1 Bd4 34. Ree1 Nd5 35. Rc1 Rd3 36. Re2 Kg7 37. Ke1 h5 38. Kf1 h4 39. h3 f5 40. Ke1 Kh6 41. Kf1 Kg5 42. Ke1 Kf4 43. Rc6 g5 44. Rc8 Ne3 45. Rc1 Kg3 1/2-1/2

[Event "Olomouc op 20th"]
[Site "Olomouc"]
[Date "2017.08.12"]
[Round "1"]
[White "Baasansuren, Erdene"]
[Black "Srimathi, R."]
[Result "1-0"]
[WhiteElo "2169"]
[BlackElo "1803"]
[PlyCount "117"]
[EventDate "2017.08.12"]
[EventType "swiss"]
[EventRounds "9"]
[EventCountry "CZE"]
[SourceTitle "CBM 180 Extra"]
[Source "ChessBase"]
[SourceDate "2017.10.06"]
[SourceVersion "1"]
[SourceVersionDate "2017.10.06"]
[SourceQuality "1"]

1. d4 Nf6 2. c4 e6 3. g3 d5 4. Nf3 Bb4+ 5. Bd2 Bd6 6. Bg2 0-0 7. 0-0 c6 8. Qc2 Nbd7 9. b3 Ne4 10. Nc3 Nxd2 11. Nxd2 f5 12. a3 Nf6 13. e3 b6 14. b4 Bb7 15. b5 cxb5 16. Nxb5 Ne4 17. Rfc1 Bc6 18. Nxd6 Nxd2 19. cxd5 Bxd5 20. Bxd5 exd5 21. Qc6 Rf6 22. Qxd5+ Kf8 23. Rc7 Qxc7 24. Qxa8+ Ke7 25. Nb5 Qc6 26. Qxa7+ Kf8 27. Qb8+ Kf7 28. Qc7+ Qxc7 29. Nxc7 Rc6 30. Nd5 Ne4 31. Ra2 Rd6 32. Nb4 Nc3 33. Rc2 Nd5 34. Nxd5 Rxd5 35. Rc7+ Kf8 36. Rb7 Ra5 37. Rxb6 Rxa3 38. Rb5 g6 39. Rb7 Kg8 40. Kg2 Rd3 41. h3 Rd1 42. Rd7 Rd3 43. Kf3 Ra3 44. g4 fxg4+ 45. hxg4 Rd3 46. g5 Ra3 47. Kf4 Ra5 48. e4 Ra8 49. f3 Rf8+ 50. Ke3 Ra8 51. d5 Ra3+ 52. Kf4 Ra8 53. Re7 Rf8+ 54. Ke3 Ra8 55. d6 Rd8 56. d7 Kf8 57. Rxh7 Kg8 58. Re7 Kf8 59. Re8+ 1-0

[Event "IND-ch U15 Girls"]
[Site "Jammu"]
[Date "2015.09.22"]
[Round "2"]
[White "Ananya, Suresh"]
[Black "Srimathi, R."]
[Result "1-0"]
[WhiteElo "1971"]
[BlackElo "1621"]
[PlyCount "145"]
[EventDate "2015.09.21"]
[EventType "swiss"]
[EventRounds "11"]
[EventCountry "IND"]
[SourceTitle "EXT 2016"]
[Source "ChessBase"]
[SourceDate "2015.10.08"]
[SourceVersion "1"]
[SourceVersionDate "2015.10.08"]
[SourceQuality "1"]

1. e4 c5 2. Nf3 g6 3. d4 cxd4 4. Nxd4 Nc6 5. Nc3 Bg7 6. Be3 Nf6 7. Bc4 0-0 8. Bb3 a5 9. a4 Ng4 10. Qxg4 Nxd4 11. Qd1 Nxb3 12. cxb3 d6 13. 0-0 Bd7 14. Nd5 Bc6 15. Qd2 Bxd5 16. exd5 Qd7 17. Bb6 Ra6 18. Bxa5 Bxb2 19. Rab1 Bg7 20. Qb4 Rc8 21. Rbc1 Raa8 22. Bb6 Bh6 23. Rce1 e5 24. dxe6 fxe6 25. Qh4 Bg7 26. Qg4 Re8 27. Re3 Rac8 28. h4 Re7 29. h5 e5 30. Qh4 gxh5 31. Qxh5 Qe8 32. Qd1 Rc6 33. a5 Re6 34. Rh3 Rh6 35. Rxh6 Bxh6 36. Qg4+ Qg6 37. Qd7 Qf7 38. Qd8+ Qf8 39. Rd1 Qxd8 40. Bxd8 Rc1 41. Rxc1 Bxc1 42. b4 Ba3 43. b5 Bc5 44. b6 d5 45. a6 bxa6 46. Bc7 a5 47. b7 Ba7 48. Bxe5 a4 49. b8Q+ Bxb8 50. Bxb8 Kf7 51. Be5 Ke6 52. Ba1 Kd6 53. f4 a3 54. f5 a2 55. Kf2 d4 56. Bxd4 a1Q 57. Bxa1 Ke7 58. Kg3 Kf7 59. Kh4 h6 60. Kh5 Ke7 61. Kg6 h5 62. f6+ Ke6 63. f7 h4 64. f8Q h3 65. gxh3 Kd5 66. Qe7 Kc4 67. Qd6 Kb3 68. Qc5 Ka4 69. Bc3 Kb3 70. Be1 Ka2 71. Qb4 Ka1 72. Bc3+ Ka2 73. Qb2# 1-0

[Event "IND-ch U13 Girls 29th"]
[Site "Gurgaon"]
[Date "2015.09.02"]
[Round "6"]
[White "Srimathi, R."]
[Black "Lakshmi, Chidambaram"]
[Result "1/2-1/2"]
[WhiteElo "1571"]
[BlackElo "1704"]
[PlyCount "82"]
[EventDate "2015.08.30"]
[EventType "swiss"]
[EventRounds "11"]
[EventCountry "IND"]
[SourceTitle "EXT 2016"]
[Source "ChessBase"]
[SourceDate "2015.10.08"]
[SourceVersion "1"]
[SourceVersionDate "2015.10.08"]
[SourceQuality "1"]

1. e4 c5 2. Nf3 Nc6 3. d4 cxd4 4. Nxd4 Nf6 5. Nc3 e5 6. Ndb5 d6 7. Bg5 a6 8. Na3 b5 9. Nd5 Be7 10. Bxf6 Bxf6 11. c4 b4 12. Nc2 a5 13. Qf3 Be6 14. 0-0-0 Bxd5 15. cxd5 Nb8 16. Bb5+ Nd7 17. Qg4 Ra7 18. Bxd7+ Rxd7 19. h4 Rc7 20. Kb1 Qa8 21. Ne3 0-0 22. Rc1 Rfc8 23. Nf5 Qa6 24. Qf3 a4 25. Rxc7 Rxc7 26. Rc1 Rxc1+ 27. Kxc1 Qc4+ 28. Kb1 b3 29. axb3 axb3 30. Ne3 Qa4 31. Nd1 Qa2+ 32. Kc1 Bd8 33. Qh3 Qa1+ 34. Kd2 Ba5+ 35. Ke2 Qc1 36. Qxb3 Qd2+ 37. Kf3 Qf4+ 38. Ke2 Qd2+ 39. Kf3 Qf4+ 40. Ke2 Qd2+ 41. Kf3 Qf4+ 1/2-1/2